Textilmunkás. - 13.évf. (1938) 5.sz.
Elmentve itt :
| Dokumentumtípus: | Folyóirat |
|---|---|
| Megjelent: |
1938
|
| Sorozat: | A Textilmunkás : társadalomtudományi és gazdasági folyóirat
13 No. 5 |
| Online Access: | http://misc.bibl.u-szeged.hu/49393 |
| LEADER | 00499nas a2200133 i 4500 | ||
|---|---|---|---|
| 001 | misc49393 | ||
| 005 | 20200414125101.0 | ||
| 008 | 200414s1938 hu o 0|| zxx d | ||
| 040 | |a SZTE Miscellanea Repozitórium |b hun | ||
| 041 | |a zxx | ||
| 245 | 0 | 0 | |a Textilmunkás. - 13.évf. (1938) 5.sz. |h [elektronikus dokumentum] |
| 260 | |c 1938 | ||
| 490 | 0 | |a A Textilmunkás : társadalomtudományi és gazdasági folyóirat |v 13 No. 5 | |
| 856 | 4 | 0 | |u http://misc.bibl.u-szeged.hu/49393/1/textil_munkas_1938_005.pdf |z Dokumentum-elérés |